| 000 | 00723nac a22002291u 4500 | ||
|---|---|---|---|
| 010 | _a2002038177 | ||
| 020 | _a0131008250 (pbk.) | ||
| 020 | _a8120322584 | ||
| 082 | 0 | 0 |
_a572.8 _bB4967 |
| 090 |
_c676 _d676 |
||
| 100 | _aBergeron, Bryan P. | ||
| 245 | 1 | 0 |
_aBioinformatics computing / _cBryan Bergeron. |
| 260 |
_aNew Delhi : _bPrentice Hall of India, _cc2003. |
||
| 300 |
_axxii, 439 p. : _bill. ; _c24 cm. |
||
| 504 | _aIncludes bibliographical references (p. 419-427). | ||
| 650 | 0 |
_aMolecular biology _xData processing. |
|
| 650 | 0 | _aBioinformatics. | |
| 942 |
_cBB _k572.8B4967 _hRDA-MOD |
||
| 999 |
_c676 _d676 |
||
| 336 |
_2rdacontent _atext _btxt |
||
| 337 |
_aunmediated _2rdamedia _bn |
||
| 338 |
_avolume _bnc _2rdacarrier |
||